| 000 | 00837nam0a22002651 4500 | ||
|---|---|---|---|
| 001 | rc\4186673 | ||
| 005 | 20250611123914.0 | ||
| 021 |
_aRU _b[54-50777] |
||
| 035 | _a(NLR Aleph) 008193776 | ||
| 090 |
_a7992664 _c7992664 |
||
| 100 | _a20130415d1954 |||y0rusy50 ca | ||
| 101 | 0 | _arus | |
| 102 | _aRU | ||
| 105 | _aa z ||||| | ||
| 200 | 1 | _aТоварные свойства кожевенного сырья | |
| 210 |
_aМосква _cЗаготиздат _d1954 |
||
| 215 |
_a32 с. _cил. _d20 |
||
| 225 | 1 | _aБиблиотека заготовителя | |
| 606 |
_aКожевенное сырье _xТовароведение _2psbo |
||
| 700 | 1 |
_aЦюрик _bВ.Ф. _gВладимир Филиппович |
|
| 801 | 0 |
_aRU _bNLR _gpsbo |
|
| 801 | 1 |
_aRU _bELAR _2rusmarc |
|
| 852 |
_aNLR _jТ60 Г-4/314 |
||
| 942 | _cBOOK | ||
| 980 | _aNB | ||